Von Trapp Family Children Quiz Stats

 Plays Quiz Updated Feb 4, 2019

Support Sporcle.
Go Orange.
Score 0/7 Timer 02:00
0 Plays Today
Age Name % Correct
5Gretl
81%
11Kurt
77.3%
16Liesl
74.4%
7Marta
68.3%
14Friedrich
66.4%
13Louisa
63.2%
10Brigitta
62.3%

From the Vault

Beatles' Songs by Last Lines

by sgtpaprika

Music 4m
It ain't over till it's over.
Remove Ads.
Support Sporcle.
Get the best of Sporcle when you Go Orange. This ad-free experience offers more features, more stats, and more fun while also helping to support Sporcle. Thank you for becoming a member.

Show Comments

Extras

Top Quizzes Today


Score Distribution

Your Account Isn't Verified!

In order to create a playlist on Sporcle, you need to verify the email address you used during registration. Go to your Sporcle Settings to finish the process.

Report this User

Report this user for behavior that violates our Community Guidelines.

Details: